Možnosti využitia virtuálnej reality ako nástroja elearningu - návrh konkrétneho riešenia diplomová práca

Gespeichert in:
Bibliographische Detailangaben
1. Verfasser: Morávková, Barbora
Körperschaft: Fakulta hospodárskej informatiky EU. Katedra aplikovanej informatiky
Weitere Verfasser: Sihelský, Patrik
Format: Buch
Sprache:Slowakisch
Veröffentlicht: Bratislava 2014
Tags: Tag hinzufügen
Keine Tags, Fügen Sie das erste Tag hinzu!

MARC

LEADER 00000nbm a2200000 4500
001 0188513
005 20170201103546.6
041 0 |a slo 
044 |a SK 
245 1 0 |a Možnosti využitia virtuálnej reality ako nástroja elearningu - návrh konkrétneho riešenia  |b diplomová práca  |c Barbora Morávková ; školiteľ: Patrik Sihelský 
264 1 |a Bratislava  |c 2014 
300 |a 87 s. 
100 1 |a Morávková, Barbora 
700 1 |a Sihelský, Patrik 
710 2 |a Fakulta hospodárskej informatiky EU. Katedra aplikovanej informatiky